00627nam a2200181Ia 4500952013000000999001700130003000400147005001700151008004100168040000900209082001800218100002600236245005500262260005700317300000900374650002000383942004200403 00102ddc40708ISLAMaMESbMEScISLd2019-02-20g30.00l0o297.63 HUS/Pp11260r2019-02-20 00:00:00w2019-02-20yBKzGL46R4 c22106d22106OSt20200320155701.0190216s9999||||xx |||||||||||||| ||und|| coclc a297.63bHUS/P aHusain, S Athar92138 0aProphet Muhammad And His Mission /cS Athar Husain bIslamic Research And Publications,c1978.aLucknow: a214p aIslamic History cBK2ddch297.63iHUS/Pk297.63mHUS/P